000 00871cam a2200229 4500
008 051011t19991999sp b 000 0 spa u
020 _a8481643122
035 _aa449583
100 1 _aLema Añón, Carlos
245 1 0 _aReproducción, poder y derecho :
_bensayo filosófico-jurídico sobre las técnicas de reproducción asistida /
_cCarlos Lema Añón.
260 _aMadrid, España :
_bTrotta,
_c1999.
300 _a429 p. ;
_c23 cm.
440 0 _aEstructuras y procesos.
_pDerecho
504 _aBibliografía: p. 419-423
504 _aIncluye bibliografías
506 _aRec. prop. esc.
650 4 _aFecundación humana in vitro
_xLeyes y legislación
_zEspaña
650 4 _aReproducción humana
_xLeyes y legislación
_zEspaña
650 4 _aReproducción humana
_xAspectos morales y éticos
942 _2lcc
_cLIB
999 _c118100
_d118100